Physiological determinants of crop growth / (Record no. 66042)
[ view plain ]
| 000 -LEADER | |
|---|---|
| fixed length control field | 00746nam a2200253 a 4500 |
| 001 - CONTROL NUMBER | |
| control field | 66042 |
| 003 - CONTROL NUMBER IDENTIFIER | |
| rucl marc code | BD-RjUL |
| 005 - DATE AND TIME OF LATEST TRANSACTION | |
| control field | 20211209081508.0 |
| 008 - FIXED-LENGTH DATA ELEMENTS--GENERAL INFORMATION | |
| fixed length control field | 170313s1982 nyua b 001 0 eng |
| 020 ## - INTERNATIONAL STANDARD BOOK NUMBER | |
| International Standard Book Number | 0121693600 |
| 035 ## - SYSTEM CONTROL NUMBER | |
| System control number | (BD-RjUL)66172 |
| 040 ## - CATALOGING SOURCE | |
| Original cataloging agency | DLC |
| Transcribing agency | DLC |
| Modifying agency | BD-RjUL |
| Language of cataloging | eng |
| 041 ## - LANGUAGE CODE | |
| Language code of text/sound track or separate title | eng |
| 082 00 - DEWEY DECIMAL CLASSIFICATION NUMBER | |
| Classification number | 581.3 |
| Edition number | 23 |
| Author mark and year | CHP 1982 |
| 100 1# - MAIN ENTRY--PERSONAL NAME | |
| Personal name | Charles-Edwards, D. A. |
| 9 (RLIN) | 195345 |
| 245 10 - TITLE STATEMENT | |
| Title | Physiological determinants of crop growth / |
| Statement of responsibility, etc. | D.A. Charles-Edwards. |
| 260 ## - PUBLICATION, DISTRIBUTION, ETC. (IMPRINT) | |
| Place of publication, distribution, etc. | New York : |
| Name of publisher, distributor, etc. | Academic Press, |
| Date of publication, distribution, etc. | c1982. |
| 300 ## - PHYSICAL DESCRIPTION | |
| Pagination | xiii, 161 p. : |
| Illustrations | ill. ; |
| Size | 24 cm. |
| 504 ## - BIBLIOGRAPHY, ETC. NOTE | |
| Bibliography, etc | Includes index and Bibliography |
| 650 #0 - SUBJECT ADDED ENTRY--TOPICAL TERM | |
| Topical term or geographic name as entry element | Crops |
| General subdivision | Growth. |
| 9 (RLIN) | 195346 |
| Topical term or geographic name as entry element | Crops |
| General subdivision | Physiology. |
| 9 (RLIN) | 195347 |
| 942 ## - ADDED ENTRY ELEMENTS (KOHA) | |
| Source of classification or shelving scheme | Dewey Decimal Classification |
| Koha item type | Books |
| Lost status | Source of classification or shelving scheme | Damaged status | Not for loan | Collection code | Permanent Location | Current Location | Shelving location | Date acquired | Source of acquisition | Cost, normal purchase price | Total Checkouts | Full call number | Date last seen | Copy number | Koha item type |
|---|---|---|---|---|---|---|---|---|---|---|---|---|---|---|---|
| Dewey Decimal Classification | Not For Loan | Non-fiction | Central Library, University of Rajshahi | Central Library, University of Rajshahi | Reading Room | 03/10/1991 | Abandon | 40.00 | 581.3 CHP 1982 | 13/03/2017 | C-1 | Books | |||
| Dewey Decimal Classification | Non-fiction | Central Library, University of Rajshahi | Central Library, University of Rajshahi | 30/03/1980 | Karim Int. | 29.00 | 581.3 CHP 1982 | 22/05/2017 | C-2 | Books |